Right to manage companies consultation paper (Record no. 71193)

MARC details
000 -LEADER
fixed length control field 01130cam a2200205 4500
001 - CONTROL NUMBER
control field WB3835-13
008 - FIXED-LENGTH DATA ELEMENTS--GENERAL INFORMATION
fixed length control field 020923n2002 000 0 eng u
035 ## - SYSTEM CONTROL NUMBER
System control number (Sirsi) u119779
245 ## - TITLE STATEMENT
Title Right to manage companies consultation paper
260 ## - PUBLICATION, DISTRIBUTION, ETC.
Date of publication, distribution, etc. 2002
490 ## - SERIES STATEMENT
Series statement RICS Residential Faculty News
Volume/sequential designation 19 September 2002, (1)
520 ## - SUMMARY, ETC.
Summary, etc. The Office of the Deputy Prime Minister invites comments on its consultation paper 'Memorandum and articles for RTE/right to manage companies', which outlines draft memoranda and articles of association for right to enfranchise and right to manage companies as proposed in 'Commonhold and Leasehold Reform Act 2002 part II Chapters 1 and 2. For the memorandum: http://www.housing.odpm.gov.uk/information/consult/rtecompanies/pdf/rte.pdf For details of the Commonhold and Leasehold Reform Act http://www.legislation.hmso.gov.uk/acts/acts2002/20020015.htm
590 ## - LOCAL NOTE (RLIN)
Local note WB
650 ## - SUBJECT ADDED ENTRY--TOPICAL TERM
Topical term or geographic name entry element COMMONHOLD AND LEASEHOLD REFORM ACT 2002
650 ## - SUBJECT ADDED ENTRY--TOPICAL TERM
Topical term or geographic name entry element LONG LEASEHOLDERS
650 ## - SUBJECT ADDED ENTRY--TOPICAL TERM
Topical term or geographic name entry element RIGHT TO MANAGE
650 ## - SUBJECT ADDED ENTRY--TOPICAL TERM
Topical term or geographic name entry element LOCAL AUTHORITY
690 ## - LOCAL SUBJECT ADDED ENTRY--TOPICAL TERM (OCLC, RLIN)
Topical term or geographic name as entry element LANDLORD AND TENANT-LEASEHOLD REFORM
942 ## - ADDED ENTRY ELEMENTS (KOHA)
Suppress in OPAC 0
Holdings
Withdrawn status Lost status Source of classification or shelving scheme Damaged status Not for loan Home library Current library Shelving location Date acquired Total Checkouts Full call number Barcode Date last seen Copy number Price effective from Koha item type
    Dewey Decimal Classification     London London News article 23/09/2002   WB3835-13 119779-1001 06/08/2019 1 06/08/2019 News article